| 000 | 01063nam a22003137a 4500 | ||
|---|---|---|---|
| 003 | CHAP | ||
| 005 | 20220329140858.0 | ||
| 008 | 971013s r 10010 d | ||
| 010 | _a59159 | ||
| 011 | _a60131 | ||
| 035 | _a64291 | ||
| 040 | _cCHAP | ||
| 082 |
_a635.65 _bP7 1970 |
||
| 111 | 0 | 0 |
_aPrograma Cooperativo Centroamericano para el Mejoramiento de Cultivos Alimenticios. Reunión anual. ( _n16 _d: 1970 _c: Antiagua, Guatemala) _992267 |
| 245 | _aFrijol | ||
| 260 |
_aGuatemala : _bIICA, _c(s.a.) |
||
| 300 | _a76 p. | ||
| 590 |
_aBATCH-UPD _b10 _c20130110 _lUCH01 _h1442 |
||
| 590 |
_aBATCH-UPD _b10 _c20130410 _lUCH01 _h0913 |
||
| 590 |
_aBATCH-UPD _b10 _c20130914 _lUCH01 _h1438 |
||
| 590 |
_aCONVERSION _b10 _c20130109 _lUCH01 _h1332 |
||
| 650 | 1 | 4 |
_aFrijol. _943319 |
| 650 | 1 | 4 |
_aFrijol _xEnfermedades. _943367 |
| 700 | 0 |
_aArias, Carlos L. _eed. _97077 |
|
| 710 | 0 |
_aInstituto Interamericano de Ciencias AgrÃcolas de la OEA. _959209 |
|
| 901 | _aBK | ||
| 942 | _cLIBRO | ||
| 949 |
_a635.65 P7 1970 _bBC _cLIBRO _d33724000263448 _eLIBRO _h35471 _i64291 _mD _si |
||
| 999 |
_c59159 _d59159 |
||